000 00785nam a2200253Ia 4500
003 OSt
005 20220927104757.0
006 a|||||r|||| 00| 0
007 ta
008 220926b |||||||| |||| 00| 0 eng d
024 _a131890
037 _cReference Collections
040 _aRTL
_cRTL
_beng
041 _2eng
_aeng
082 _a"U475:(L:4), N3/RR/TD1"
100 _aKIPLE Kenneth F Ed.
_9367320
245 0 _aCAMBRIDGE WORLD history of human disease. Ed by Ke
260 _aCambridge
_bCambridge University Press
_c1993
300 _a"xxiv,1176p"
_ccm.
500 _aBibliography chapterwise
650 _aHuman Geography
_9367321
942 _h"U475:(L:4), N3/RR/TD1"
_cCC
999 _c688670
_d688670